00322nam a2200121Ia 45000010005000000080041000050820024000461000044000702450015001142600030001299010026001599990015001852156241024s9999 xx 000 0 und d aRD/801.95/P966p/v.6 aMaría del Carmen Prosdecimi de Rivera 0aPresencias bEd. Amigo del Hogarc1999 a8/3/2012 2:49:09 p.m. c7920d7920